000 00415nam a2200181Ia 4500
008 090123s9999 xx 000 0 und d
082 _b41390
100 _aCHINMAYA MISSION
245 _aMY PRAYERS
250 _a0
260 _bSENTRAL CHINMAY MISSION TRUST
300 _a140
600 _aCHINMAYA MISSION
630 _aMY PRAYERS
700 _aCHINMAYA MISSION
730 _aMY PRAYERS
942 _cBOOK
999 _c79465
_d79465